[Event "FRA-ch U12"]
[Site "Pau"]
[Date "2015.04.29"]
[Round "5"]
[White "Zachary, Matheo"]
[Black "Ghazaleh, Wissam"]
[Result "1-0"]
[WhiteElo "1966"]
[BlackElo "1719"]
[PlyCount "79"]
[EventDate "2015.04.26"]
[EventType "swiss"]
[EventRounds "9"]
[EventCountry "FRA"]
[SourceTitle "CBM 166 Extra"]
[Source "ChessBase"]
[SourceDate "2015.06.18"]
[SourceVersion "1"]
[SourceVersionDate "2015.06.18"]
[SourceQuality "1"]

1. e4 e5 2. Nf3 Nc6 3. Bb5 g6 4. 0-0 Bg7 5. Nc3 Nge7 6. Re1 0-0 7. h3 a6 8. Ba4 d6 9. Nd5 f5 10. d3 h6 11. Bb3 Kh7 12. a4 Bd7 13. c3 Nxd5 14. Bxd5 Qf6 15. Be3 Rab8 16. exf5 gxf5 17. Nh2 Qg6 18. Kh1 Ne7 19. Bf3 Bc6 20. a5 Rg8 21. Rg1 Bf6 22. b4 e4 23. Bh5 Qg7 24. d4 Nd5 25. Qd2 Nxe3 26. fxe3 Bb5 27. Be2 Bxe2 28. Qxe2 Qg3 29. Raf1 Rg5 30. Qf2 Qxf2 31. Rxf2 Rg3 32. Rxf5 Kg6 33. Rf2 Rxe3 34. Rxf6+ Kxf6 35. Ng4+ Kg5 36. Nxe3 Kf4 37. Re1 c6 38. Kg1 Rg8 39. g4 Kf3 40. Ng2 1-0

[Event "FRA-chT U16"]
[Site "Dieppe"]
[Date "2015.??.??"]
[Round "?"]
[White "Ghazaleh, Wissam"]
[Black "Zachary, Matheo"]
[Result "0-1"]
[WhiteElo "1748"]
[BlackElo "1829"]
[PlyCount "47"]
[EventDate "2015.05.??"]
[EventType "team-tourn"]
[EventRounds "6"]
[EventCountry "FRA"]
[SourceTitle "EXT 2016"]
[Source "ChessBase"]
[SourceDate "2015.10.08"]
[SourceVersion "1"]
[SourceVersionDate "2015.10.08"]
[SourceQuality "1"]

1. e4 c5 2. Nf3 Nc6 3. Bb5 d6 4. d4 cxd4 5. Qxd4 Bd7 6. Bxc6 Bxc6 7. Nc3 Nf6 8. Bg5 e6 9. 0-0-0 Be7 10. Rhe1 Qa5 11. a3 0-0 12. Na2 Rac8 13. Bxf6 Bxf6 14. Qxd6 Ba4 15. Nb4 Rfd8 16. Qf4 Rxd1+ 17. Rxd1 Qc5 18. Rd2 Qc4 19. Kb1 a5 20. b3 Bxb3 21. e5 Ba4 22. Kc1 Qc7 23. Qd4 Qb6 24. Qf4 0-1

[Event "FRA-chT U16"]
[Site "Dieppe"]
[Date "2015.??.??"]
[Round "?"]
[White "Harutyunyan, Ruben"]
[Black "Ghazaleh, Wissam"]
[Result "1-0"]
[WhiteElo "1980"]
[BlackElo "1748"]
[PlyCount "63"]
[EventDate "2015.05.??"]
[EventType "team-tourn"]
[EventRounds "6"]
[EventCountry "FRA"]
[SourceTitle "EXT 2016"]
[Source "ChessBase"]
[SourceDate "2015.10.08"]
[SourceVersion "1"]
[SourceVersionDate "2015.10.08"]
[SourceQuality "1"]

1. e4 e5 2. Nf3 Nc6 3. Bb5 g6 4. c3 a6 5. Ba4 d6 6. d4 Bd7 7. dxe5 Nxe5 8. Nxe5 dxe5 9. Bg5 Be7 10. Bxe7 Nxe7 11. Bb3 Bb5 12. Qf3 0-0 13. Nd2 Kg7 14. 0-0-0 Qe8 15. g4 Ba4 16. h4 Bxb3 17. Nxb3 Qa4 18. h5 h6 19. g5 Ng8 20. gxh6+ Nxh6 21. hxg6 fxg6 22. Qh3 Rh8 23. Qe6 Nf7 24. Rxh8 Rxh8 25. Rd7 Rh1+ 26. Kd2 Qxe4 27. Qxf7+ Kh6 28. Nc5 Qe1+ 29. Kc2 Rf1 30. Qf8+ Kg5 31. Ne6+ Kg4 32. Rd4+ 1-0